NHL Hart Trophy Top 10 Voting Finishers (2000-2025) - Statistics

General Stats
  • This quiz has been taken 145 times
  • The average score is 175 of 257
Answer Stats
Year Place Team Position Answer % Correct
2005-06 6. WSH LW Alex Ovechkin
96%
2007-08 1. WSH LW Alex Ovechkin
96%
2008-09 1. WSH LW Alex Ovechkin
96%
2009-10 2. WSH LW Alex Ovechkin
96%
2012-13 1. WSH RW Alex Ovechkin
96%
2014-15 2. WSH LW Alex Ovechkin
96%
2015-16 6. WSH LW Alex Ovechkin
96%
2017-18 9. WSH LW Alex Ovechkin
96%
2018-19 7. WSH LW Alex Ovechkin
96%
2021-22 10. WSH LW Alex Ovechkin
96%
2024-25 8. WSH LW Alex Ovechkin
96%
2016-17 1. EDM C Connor McDavid
96%
2017-18 5. EDM C Connor McDavid
96%
2018-19 3. EDM C Connor McDavid
96%
2019-20 5. EDM C Connor McDavid
96%
2020-21 1. EDM C Connor McDavid
96%
2021-22 2. EDM C Connor McDavid
96%
2022-23 1. EDM C Connor McDavid
96%
2023-24 3. EDM C Connor McDavid
96%
2024-25 10. EDM C Connor McDavid
96%
2006-07 1. PIT C Sidney Crosby
96%
2008-09 6. PIT C Sidney Crosby
96%
2009-10 3. PIT C Sidney Crosby
96%
2012-13 2. PIT C Sidney Crosby
96%
2013-14 1. PIT C Sidney Crosby
96%
2014-15 5. PIT C Sidney Crosby
96%
2015-16 2. PIT C Sidney Crosby
96%
2016-17 2. PIT C Sidney Crosby
96%
2018-19 2. PIT C Sidney Crosby
96%
2020-21 4. PIT C Sidney Crosby
96%
2023-24 9. PIT C Sidney Crosby
96%
2019-20 10. TOR C Auston Matthews
91%
2020-21 2. TOR C Auston Matthews
91%
2021-22 1. TOR C Auston Matthews
91%
2023-24 4. TOR C Auston Matthews
91%
2017-18 2. COL C Nathan MacKinnon
91%
2018-19 6. COL C Nathan MacKinnon
91%
2019-20 2. COL C Nathan MacKinnon
91%
2020-21 3. COL C Nathan MacKinnon
91%
2022-23 5. COL C Nathan MacKinnon
91%
2023-24 1. COL C Nathan MacKinnon
91%
2024-25 4. COL C Nathan MacKinnon
91%
2009-10 7. CHI RW Patrick Kane
91%
2012-13 6. CHI RW Patrick Kane
91%
2015-16 1. CHI RW Patrick Kane
91%
2016-17 6. CHI RW Patrick Kane
91%
2018-19 8. CHI RW Patrick Kane
91%
2016-17 8. TBL RW Nikita Kucherov
88%
2017-18 6. TBL RW Nikita Kucherov
88%
2018-19 1. TBL RW Nikita Kucherov
88%
2023-24 2. TBL RW Nikita Kucherov
88%
2024-25 3. TBL RW Nikita Kucherov
88%
2007-08 2. PIT C Evgeni Malkin
86%
2008-09 2. PIT C Evgeni Malkin
86%
2011-12 1. PIT C Evgeni Malkin
86%
2017-18 7. PIT C Evgeni Malkin
86%
2019-20 10. PIT C Evgeni Malkin
86%
2019-20 1. EDM C Leon Draisaitl
86%
2020-21 8. EDM C Leon Draisaitl
86%
2021-22 9. EDM C Leon Draisaitl
86%
2022-23 7. EDM C Leon Draisaitl
86%
2024-25 2. EDM C Leon Draisaitl
86%
2021-22 8. COL D Cale Makar
85%
2024-25 6. COL D Cale Makar
85%
2009-10 6. TBL C Steven Stamkos
82%
2011-12 2. TBL C Steven Stamkos
82%
2012-13 8. TBL C Steven Stamkos
82%
2022-23 8. NJD C Jack Hughes
80%
2023-24 7. VAN D Quinn Hughes
80%
2019-20 6. WPG G Connor Hellebuyck
79%
2023-24 6. WPG G Connor Hellebuyck
79%
2024-25 1. WPG G Connor Hellebuyck
79%
2002-03 4. BOS C Joe Thornton
79%
2005-06 1. BOS/SJS C Joe Thornton
79%
2006-07 5. SJS C Joe Thornton
79%
2007-08 6. SJS C Joe Thornton
79%
2008-09 9. SJS C Joe Thornton
79%
2015-16 5. SJS C Joe Thornton
79%
2010-11 6. CHI C Jonathan Toews
79%
2012-13 4. CHI C Jonathan Toews
79%
2013-14 9. CHI C Jonathan Toews
79%
2014-15 10. CHI C Jonathan Toews
79%
2010-11 7. MTL G Carey Price
78%
2014-15 1. MTL G Carey Price
78%
2019-20 8. BUF C Jack Eichel
78%
2024-25 5. VEG C Jack Eichel
78%
2003-04 1. TBL RW Martin St. Louis
78%
2010-11 3. TBL RW Martin St. Louis
78%
2012-13 9. TBL RW Martin St. Louis
78%
1999-00 2. PIT RW Jaromir Jagr
77%
2000-01 3. PIT RW Jaromir Jagr
77%
2005-06 2. NYR RW Jaromir Jagr
77%
2015-16 7. FLA RW Jaromir Jagr
77%
2001-02 3. COL G Patrick Roy
77%
2013-14 8. LAK C Anze Kopitar
75%
2015-16 8. LAK C Anze Kopitar
75%
2017-18 3. LAK C Anze Kopitar
75%
2016-17 7. BOS LW Brad Marchand
75%
2018-19 5. BOS LW Brad Marchand
75%
2019-20 9. BOS LW Brad Marchand
75%
2020-21 5. BOS LW Brad Marchand
75%
2010-11 2. VAN LW Daniel Sedin
75%
2019-20 4. BOS RW David Pastrnak
75%
2022-23 2. BOS RW David Pastrnak
75%
2023-24 8. BOS RW David Pastrnak
75%
2009-10 1. VAN C Henrik Sedin
75%
2010-11 10. VAN C Henrik Sedin
75%
2011-12 9. VAN C Henrik Sedin
75%
2000-01 1. COL C Joe Sakic
75%
2001-02 7. COL C Joe Sakic
75%
2003-04 7. COL C Joe Sakic
75%
2006-07 8. COL C Joe Sakic
75%
2000-01 2. PIT C Mario Lemieux
75%
2000-01 5. NJD G Martin Brodeur
75%
2002-03 3. NJD G Martin Brodeur
75%
2003-04 3. NJD G Martin Brodeur
75%
2006-07 3. NJD G Martin Brodeur
75%
2007-08 5. NJD G Martin Brodeur
75%
2009-10 8. NJD G Martin Brodeur
75%
2022-23 3. FLA LW Matthew Tkachuk
75%
2001-02 2. CGY RW Jarome Iginla
74%
2003-04 2. CGY RW Jarome Iginla
74%
2007-08 3. CGY RW Jarome Iginla
74%
2008-09 10. CGY RW Jarome Iginla
74%
2010-11 9. PIT G Marc-Andre Fleury
74%
2019-20 3. NYR LW Artemi Panarin
73%
2023-24 5. NYR LW Artemi Panarin
73%
2010-11 1. ANA RW Corey Perry
73%
2005-06 9. NYR G Henrik Lundqvist
73%
2011-12 3. NYR G Henrik Lundqvist
73%
2020-21 7. TBL G Andrei Vasilevskiy
71%
2015-16 3. DAL LW Jamie Benn
71%
2011-12 5. LAK G Jonathan Quick
71%
2013-14 5. BOS C Patrice Bergeron
71%
2011-12 8. OTT D Erik Karlsson
70%
2014-15 9. OTT D Erik Karlsson
70%
2015-16 9. OTT D Erik Karlsson
70%
2016-17 5. OTT D Erik Karlsson
70%
2017-18 10. VEG C William Karlsson
70%
2008-09 7. BOS G Tim Thomas
69%
2010-11 5. BOS G Tim Thomas
69%
2022-23 4. DAL LW Jason Robertson
68%
2019-20 7. NSH D Roman Josi
68%
2021-22 6. NSH D Roman Josi
68%
2023-24 10. NSH D Roman Josi
68%
2011-12 4. PHI RW Claude Giroux
67%
2013-14 3. PHI C Claude Giroux
67%
2017-18 4. PHI LW Claude Giroux
67%
2024-25 9. MTL C Nick Suzuki
67%
2024-25 7. CBJ D Zach Werenski
67%
2000-01 8. BUF G Dominik Hasek
66%
2021-22 3. NYR G Igor Shesterkin
66%
2009-10 9. WSH C Nicklas Backstrom
66%
2016-17 9. WSH C Nicklas Backstrom
66%
2010-11 4. NSH G Pekka Rinne
66%
2011-12 7. NSH G Pekka Rinne
66%
2014-15 8. NSH G Pekka Rinne
66%
2020-21 6. FLA C Aleksander Barkov
65%
2022-23 9. NYI G Ilya Sorokin
65%
2012-13 3. NYI C John Tavares
65%
2014-15 3. NYI C John Tavares
65%
2021-22 7. MIN LW Kirill Kaprizov
65%
2020-21 10. COL RW Mikko Rantanen
65%
2022-23 6. COL RW Mikko Rantanen
65%
1999-00 9. DET D Nicklas Lidstrom
65%
2000-01 10. DET D Nicklas Lidstrom
65%
2002-03 8. DET D Nicklas Lidstrom
65%
2005-06 7. DET D Nicklas Lidstrom
65%
2006-07 6. DET D Nicklas Lidstrom
65%
2007-08 4. DET D Nicklas Lidstrom
65%
2007-08 9. DET C Pavel Datsyuk
65%
2008-09 3. DET C Pavel Datsyuk
65%
2012-13 10. DET C Pavel Datsyuk
65%
2012-13 7. ANA C Ryan Getzlaf
65%
2013-14 2. ANA C Ryan Getzlaf
65%
2014-15 6. ANA C Ryan Getzlaf
65%
1999-00 8. DET C Steve Yzerman
65%
2017-18 1. NJD LW Taylor Hall
65%
2018-19 10. STL G Jordan Binnington
64%
2018-19 4. CGY LW Johnny Gaudreau
63%
2021-22 4. CGY LW Johnny Gaudreau
63%
2020-21 9. VEG RW Mark Stone
63%
2018-19 10. CAR C Sebastian Aho
63%
2012-13 5. CBJ G Sergei Bobrovsky
63%
2016-17 3. CBJ G Sergei Bobrovsky
63%
2008-09 8. BOS D Zdeno Chara
63%
1999-00 1. STL D Chris Pronger
62%
2022-23 10. BOS G Linus Ullmark
62%
1999-00 3. FLA RW Pavel Bure
61%
2000-01 9. FLA RW Pavel Bure
61%
2006-07 9. ANA RW Teemu Selanne
61%
2016-17 4. SJS D Brent Burns
60%
1999-00 10. DAL C Mike Modano
60%
2002-03 7. DAL C Mike Modano
60%
2009-10 9. SJS C Patrick Marleau
59%
2003-04 6. FLA G Roberto Luongo
59%
2006-07 2. VAN G Roberto Luongo
59%
2008-09 10. VAN G Roberto Luongo
59%
2015-16 4. WSH G Braden Holtby
57%
2016-17 10. WSH G Braden Holtby
57%
2009-10 4. BUF G Ryan Miller
57%
2003-04 10. ATL LW Ilya Kovalchuk
56%
2011-12 10. NJD LW Ilya Kovalchuk
56%
2013-14 6. DAL C Tyler Seguin
56%
2021-22 5. FLA LW Jonathan Huberdeau
55%
2002-03 1. COL C Peter Forsberg
54%
2005-06 4. CAR C Eric Staal
52%
2013-14 10. TBL G Ben Bishop
51%
2015-16 10. TBL G Ben Bishop
51%
2005-06 5. OTT RW Daniel Alfredsson
50%
2006-07 4. TBL C Vincent Lecavalier
49%
2007-08 10. DET LW Henrik Zetterberg
48%
2003-04 9. NJD D Scott Niedermayer
48%
2005-06 8. MDA D Scott Niedermayer
48%
2006-07 7. ANA D Scott Niedermayer
48%
2017-18 8. WPG RW Blake Wheeler
47%
2001-02 1. MON G Jose Theodore
46%
2005-06 10. OTT LW Dany Heatley
45%
2001-02 8. TOR C Mats Sundin
45%
2013-14 7. SJS C Joe Pavelski
44%
2018-19 9. CGY D Mark Giordano
42%
2003-04 4. CGY G Miikka Kiprusoff
42%
2005-06 3. CGY G Miikka Kiprusoff
42%
2005-06 10. CAR C Rod Brind'Amour
42%
2002-03 10. OTT RW Marian Hossa
40%
2006-07 10. ATL RW Marian Hossa
40%
2000-01 6. NJD LW Patrik Elias
40%
1999-00 4. WSH G Olaf Kolzig
36%
2011-12 6. OTT C Jason Spezza
35%
2014-15 7. NYR LW Rick Nash
35%
2010-11 8. VAN C Ryan Kesler
34%
2007-08 7. SJS G Evgeni Nabokov
33%
2014-15 4. ARI/MIN G Devan Dubnyk
32%
2001-02 5. VAN LW Markus Naslund
32%
2002-03 2. VAN LW Markus Naslund
32%
2003-04 5. VAN LW Markus Naslund
32%
2001-02 6. CAR C Ron Francis
31%
2013-14 4. COL G Semyon Varlamov
31%
2001-02 9. DET LW Brendan Shanahan
30%
2008-09 5. NJD LW Zach Parise
28%
2003-04 10. TOR G Ed Belfour
25%
2002-03 6. STL D Al MacInnis
24%
2003-04 8. DAL G Marty Turco
23%
2008-09 4. CBJ G Steve Mason
23%
2009-10 9. COL G Craig Anderson
21%
2007-08 8. MTL RW Alex Kovalev
20%
2008-09 10. PHI C Jeff Carter
19%
2009-10 5. PHX G Ilya Bryzgalov
18%
2002-03 5. VAN RW Todd Bertuzzi
18%
1999-00 6. PHI RW Mark Recchi
17%
2002-03 9. DET C Sergei Fedorov
17%
1999-00 5. SJS RW Owen Nolan
15%
2000-01 6. EDM C Doug Weight
13%
2000-01 4. PHI G Roman Cechmanek
11%
1999-00 6. STL G Roman Turek
8%
2001-02 10. NYI C Michael Peca
7%
2001-02 4. PHX G Sean Burke
5%
No matching quizzes found
Score Distribution
Percent of People with Each Score
Percentile by Number Answered
Your Score History
You have not taken this quiz